<?xml version="1.0" encoding="UTF-8"?>
<record
    xmlns:xsi="http://www.w3.org/2001/XMLSchema-instance"
    xsi:schemaLocation="http://www.loc.gov/MARC21/slim http://www.loc.gov/standards/marcxml/schema/MARC21slim.xsd"
    xmlns="http://www.loc.gov/MARC21/slim">

  <leader>01921nam a2200253Ia 4500</leader>
  <controlfield tag="003">OSt</controlfield>
  <controlfield tag="005">20210412094458.0</controlfield>
  <controlfield tag="008">210310s1992    ck ad  gr     000 0 spa d</controlfield>
  <datafield tag="020" ind1=" " ind2=" ">
    <subfield code="a">958600063X</subfield>
  </datafield>
  <datafield tag="040" ind1=" " ind2=" ">
    <subfield code="a">CO-JMCR</subfield>
    <subfield code="c">CO-JMCR</subfield>
  </datafield>
  <datafield tag="041" ind1="1" ind2=" ">
    <subfield code="a">spa</subfield>
    <subfield code="h">eng</subfield>
  </datafield>
  <datafield tag="082" ind1="0" ind2="4">
    <subfield code="a">658.83 / </subfield>
    <subfield code="b">N778m</subfield>
    <subfield code="2">23</subfield>
  </datafield>
  <datafield tag="100" ind1="1" ind2=" ">
    <subfield code="a">Nogueira Cobra, Marcos Henrique, </subfield>
    <subfield code="e">autor</subfield>
    <subfield code="9">25595</subfield>
  </datafield>
  <datafield tag="245" ind1="1" ind2="0">
    <subfield code="a">Marketing de servicios :</subfield>
    <subfield code="b">conceptos y estrategias / </subfield>
    <subfield code="c">Marcos Henrique Nogueira Cobra, Flavio Arnaldo Zwarg ; traductor, Luis O. Rodr&#xED;guez Acosta.</subfield>
  </datafield>
  <datafield tag="250" ind1=" " ind2=" ">
    <subfield code="a">Primera edici&#xF3;n </subfield>
  </datafield>
  <datafield tag="260" ind1=" " ind2=" ">
    <subfield code="a">Bogot&#xE1; :</subfield>
    <subfield code="b">McGraw-Hill, </subfield>
    <subfield code="c">1991.</subfield>
  </datafield>
  <datafield tag="300" ind1=" " ind2=" ">
    <subfield code="a">279 p&#xE1;ginas : </subfield>
    <subfield code="b">ilustraciones y graficas en blanco y negro ; </subfield>
    <subfield code="c">25 cm.</subfield>
  </datafield>
  <datafield tag="505" ind1=" " ind2=" ">
    <subfield code="a">Concepto de servicio y la segmentaci&#xF3;n de mercado. -- Impacto del escenario ambiental en los servicios. -- Planeamiento estrat&#xE9;gico de servicios. -- Dimensionamiento del mercado, estimaci&#xF3;n de demanda, potencial del mercado, pronostico de ventas y el comportamiento del consumidor de servicios. -- El compuesto de servicio. -- Estrategia de servicio al cliente. -- Estrategia de mercado directo. -- Estrategia de distribuci&#xF3;n de servicios. -- Estrategia de comunicaci&#xF3;n. -- Estrategia de venta personal. -- Estrategia de mercado para bancos y compa&#xF1;&#xED;as de seguros. -- Estrategia de mercados de salud. -- Estrategia de mercadeo de servicios de turismo. --Estrategia de mercadeo de servicios de ingenier&#xED;a. -- Estrategia de mercadeo para servicios p&#xFA;blicos. -- Estrategia de mercadeo para el sector de servicios de comunicaci&#xF3;n. -- Golden cross. -- Casos alfa turismo. -- Mercadeo alimenticio. -- Refrigerios ligeros. -- Caso engepetrox. -- Caso planificaci&#xF3;n familiar. -- Trasporte a&#xE9;reo. </subfield>
  </datafield>
  <datafield tag="650" ind1="1" ind2="4">
    <subfield code="a">Conceptos</subfield>
    <subfield code="x">Marketing </subfield>
    <subfield code="9">25597</subfield>
  </datafield>
  <datafield tag="650" ind1="1" ind2="4">
    <subfield code="a">Estrategias </subfield>
    <subfield code="x">Marketing</subfield>
    <subfield code="9">36716</subfield>
  </datafield>
  <datafield tag="700" ind1="1" ind2=" ">
    <subfield code="a">Arnaldo Zwarg, Flavio, </subfield>
    <subfield code="e">autor</subfield>
    <subfield code="9">36717</subfield>
  </datafield>
  <datafield tag="700" ind1="1" ind2=" ">
    <subfield code="a">Rodr&#xED;guez Acosta, Luis O.,</subfield>
    <subfield code="e">traductor </subfield>
    <subfield code="9">36718</subfield>
  </datafield>
  <datafield tag="942" ind1=" " ind2=" ">
    <subfield code="2">ddc</subfield>
    <subfield code="c">BK</subfield>
  </datafield>
  <datafield tag="999" ind1=" " ind2=" ">
    <subfield code="c">11465</subfield>
    <subfield code="d">11465</subfield>
  </datafield>
  <datafield tag="952" ind1=" " ind2=" ">
    <subfield code="0">0</subfield>
    <subfield code="1">0</subfield>
    <subfield code="2">ddc</subfield>
    <subfield code="4">0</subfield>
    <subfield code="7">0</subfield>
    <subfield code="a">CPL</subfield>
    <subfield code="b">CPL</subfield>
    <subfield code="c">GEN</subfield>
    <subfield code="d">2018-04-15</subfield>
    <subfield code="e">Donaci&#xF3;n</subfield>
    <subfield code="o">658.83 / N778m</subfield>
    <subfield code="p">430012177</subfield>
    <subfield code="r">2024-05-16 00:00:00</subfield>
    <subfield code="t">Ej.1</subfield>
    <subfield code="w">2018-04-15</subfield>
    <subfield code="y">BK</subfield>
  </datafield>
</record>
